Plus grandes villes de France avec la lettre E - Statistiques

Statistiques générales
  • Ce quiz a été pris 74 fois
  • Le résultat moyen est 17 sur 20
Statistiques - réponses
Population Ville % Correct
877.215 Marseille
99%
353.701 Nice
99%
511.684 Toulouse
97%
238.695 Lille
96%
265.328 Bordeaux
94%
325.070 Nantes
94%
307.101 Montpellier
91%
227.830 Rennes
91%
166.462 Le Havre
87%
172.569 Saint-Étienne
84%
157.555 Angers
81%
147.751 Clermont-Ferrand
80%
162.207 Villeurbanne
80%
156.149 Saint-Denis
77%
148.907 Saint-Denis (La Réunion)
77%
178.478 Reims
75%
156.389 Grenoble
72%
150.444 Nîmes
68%
145.187 Le Mans
67%
147.933 Aix-en-Provence
48%
Aucun quiz correspondant
Distribution des résultats
% des personnes avec chaque résultat
Percentile par nombre de réponses
Votre historique - résultats
Vous n’avez pas pris ce quiz